00509nam a22001457a 4500008004100000082001800041100007900059110004500138245006200183260006900245300000900314440001300323942001200336999001500348230619b xxu||||| |||| 00| 0 eng d a304.67bMOPND coffice of the vice president Ministry of planning and National development bCentral Bureau of StatisticsdApril 1996 aKenya Population Census 1989bAnalytical Report Volume 3 aKenyabMinistry of planning and National developmentcApril 1996 a129p vvolume 6 2ddccBK c1342d1342